Indian Business @75: (Record no. 204715)

MARC details
000 -LEADER
fixed length control field 00694nam a22002057a 4500
005 - DATE AND TIME OF LATEST TRANSACTION
control field 20240802115227.0
010 ## - LCCN (DPL NO)
LC control number ENG-141135
020 ## - INTERNATIONAL STANDARD BOOK NUMBER
International Standard Book Number 9789390951284
Terms of availability 500.00
035 ## - SYSTEM CONTROL NUMBER
System control number EN-124667
037 ## - SOURCE OF ACQUISITION
Source of stock number/acquisition DBAD
082 ## - DEWEY DECIMAL CLASSIFICATION NUMBER
Classification number 322.3
245 ## - TITLE STATEMENT
Title Indian Business @75:
Remainder of title DIfferent Aspects/
Statement of responsibility, etc Edited By Sahana Ghosh; Meenakshi Khemka [and] Tarak Nath Sahu
260 ## - PUBLICATION, DISTRIBUTION, ETC. (IMPRINT)
Place of publication, distribution, etc New Delhi
Name of publisher, distributor, etc Allied Publishers
Date of publication, distribution, etc 2022
270 ## - ADDRESS
Address 1/13-14 Asaf Ali Road
City New Delhi
Postal code 110002
300 ## - PHYSICAL DESCRIPTION
Extent 117p.xiv,
Other physical details ill.
Dimensions 22cm(pbk)
700 ## - ADDED ENTRY--PERSONAL NAME
Personal name Ghosh, Sahana
Relator term Editor
9 (RLIN) 69279
700 ## - ADDED ENTRY--PERSONAL NAME
Personal name Khemka, Meenakshi
Relator term Editor
9 (RLIN) 69280
700 ## - ADDED ENTRY--PERSONAL NAME
Personal name Sahu, Tarak Nath
Relator term Editor
9 (RLIN) 69281
942 ## - ADDED ENTRY ELEMENTS (KOHA)
Source of classification or shelving scheme Dewey Decimal Classification
Item type English Books
Classification part 322.3
Call number suffix IND
Holdings
Withdrawn status Lost status Not for loan Collection code Home library Current library Date acquired Source of acquisition Cost, normal purchase price Full call number Barcode Copy number Cost, replacement price Koha item type
      Non-fiction Shahdara Branch Shahdara Branch 02/08/2024 Delivery of Books Act Division 500.00 322.3 IND EN-124667 1 500.00 English Books

© Delhi Public Library
Hit Counter
free hit counter